Zdanenie príspevku na stravovanie

S účinnosťou od 1. októbra 2023 sa opätovne mení (zvyšuje) suma stravného pri tuzemských pracovných cestách. Uvedené ma vplyv aj na výšku maximálneho príspevku zamestnávateľa na stravovanie zamestnancov a na výšku oslobodeného príjmu.

Guardado en:
Detalles Bibliográficos
Autor principal: Valterová, Ivana
Formato: Capítulo de libro
Lenguaje:eslovaco
Materias:
Etiquetas: Agregar Etiqueta
Sin Etiquetas, Sea el primero en etiquetar este registro!

MARC

LEADER 00000naa a2200000 4500
001 0297665
005 20240417075257.7
041 0 |a slo 
044 |a SK 
245 1 0 |a Zdanenie príspevku na stravovanie  |c Ivana Valterová 
520 |a S účinnosťou od 1. októbra 2023 sa opätovne mení (zvyšuje) suma stravného pri tuzemských pracovných cestách. Uvedené ma vplyv aj na výšku maximálneho príspevku zamestnávateľa na stravovanie zamestnancov a na výšku oslobodeného príjmu. 
610 2 0 |a zamestnanci 
610 2 0 |a stravné 
610 2 0 |a zdaňovanie 
610 2 0 |a cesty pracovné 
610 2 0 |a povinnosti zamestnávateľov 
610 2 0 |a príjmy 
610 2 0 |a zákonník práce 
100 1 |a Valterová, Ivana